000 01377cam a2200205 a 4500
999 _c2587
_d2587
020 _a9780073527024
020 _a0073527025
050 0 0 _aHF5657.4
_b.E35
100 1 _aEdmonds, Thomas P.
245 1 0 _aFundamental managerial accounting concepts /
_cThomas P. Edmonds, Bor-Yi Tsay, Philip R. Olds.
250 _a5th ed.
260 _aNew York :
_bMcGraw-Hill Irwin,
_c2009.
300 _axxxv, 713 p. :
_bcol. illus. ;
_c29 cm.
500 _aIncludes index.
505 _aChapter 1: Management Accounting and Corporate Governance Chapter 2: Cost Behavior, Operating Leverage, and Profitability Analysis Chapter 3: Analysis of Cost, Volume, and Pricing to Increase Profitability Chapter 4: Cost Accumulation, Tracing and Allocation Chapter 5: Relevant Information for Special Decisions Chapter 6: Cost Management in an Automated Business Environment: ABC, ABM and TQM Chapter 7: Planning for Profit and Cost Control Chapter 8: Performance Evaluation Chapter 9: Responsibility Accounting Chapter 10: Planning for Capital Investments Chapter 11: Product Costing in Service and Manufacturing Entitles Chapter 12: Job-Order, Process and Hybrid Costing Systems Chapter 13: Financial Statement Analysis Chapter 14: Statement of Cash Flows.
650 0 _aManagerial accounting.
700 1 _aTsay, Bor-Yi.
700 1 _aOlds, Philip R.
942 _cBK